000 01181nam a2200241Ia 4500
003 Ost
005 20260507075501.0
008 260507s9999||||xx |||||||||||||| ||und||
020 _a9961009312
040 _cfsecg
041 _aara
082 _a346.07
100 _aفضيل، نادية
_eمؤلف
245 0 _aالقانون التجاري الجزائري :
_bالأعمال التجارية،التاجر،المحل التجاري /
_c نادية فضيل
250 _aطبعة 9
260 _aالجزائر:
_bديوان المطبوعات الجامعية,
_c2007
300 _a274 صفحة؛
_c22 سم
504 _aببليوغرافيا:ص ص.267-269
520 _aعلاقة القانون التجاري بالقوانين الأخرى،تطور القانون التجاري عبر العصور،مصادر القانون التجاري،نطاق القانون التجاري وأهمية التمييز بين العمل التجاري والعمل المدني،الأعمال التجارية الموضوعية،التاجر والمحل التجاري
653 _aالجزائر
653 _aالقانون التجاري
942 _cكتاب
999 _c44694
_d44694